|
|
|
|
| LEADER |
00000nam0a2200000 4500 |
| 001 |
108162 |
| 005 |
20231101214800.0 |
| 035 |
|
|
|a (RuTPU)RU\TPU\book\116755
|
| 090 |
|
|
|a 108162
|
| 100 |
|
|
|a 20070116d1983 k a0rusy5003 ca
|
| 101 |
0 |
|
|a rus
|
| 102 |
|
|
|a UZ
|
| 105 |
|
|
|a a z 001zy
|
| 200 |
1 |
|
|a Активные центры монтмориллонита и хемосорбция
|f Э. А. Арипов, А. А. Агзамходжаев
|g отв. ред. К. С. Ахмедов
|
| 210 |
|
|
|a Ташкент
|c Фан
|d 1983
|
| 215 |
|
|
|a 163 с.
|c ил.
|d 21 см
|
| 606 |
1 |
|
|a Монтмориллонит
|x Минералогия
|2 stltpush
|3 (RuTPU)RU\TPU\subj\72324
|9 85885
|
| 610 |
1 |
|
|a хемосорбция
|
| 610 |
1 |
|
|a минералы
|
| 610 |
1 |
|
|a механизмы
|
| 610 |
1 |
|
|a методы
|
| 610 |
1 |
|
|a определения
|
| 610 |
1 |
|
|a органические вещества
|
| 675 |
|
|
|a 549.62
|z rus
|
| 700 |
|
1 |
|a Арипов
|b Э. А.
|g Эргаш Арипович
|4 070
|
| 701 |
|
1 |
|a Агзамходжаев
|b А. А.
|g Анварходжа Атаходжаевич
|4 070
|
| 702 |
|
1 |
|a Ахмедов
|b К. С.
|4 340
|
| 801 |
|
0 |
|a RU
|b RuMRKP
|c 19950704
|g psbo
|
| 801 |
|
1 |
|a RU
|b 63413507
|c 20070116
|g PSBO
|
| 801 |
|
2 |
|a RU
|b 63413507
|c 20130404
|g PSBO
|
| 942 |
|
|
|c BK
|